=LDR 00000nam 2200000 4500 =001 INLIS000000000010443 =005 20130612102117 =008 ***********************************Ind** =035 ##$$0010-061300000010443 =041 ##$$a Ind =082 ##$$a 616.6 =090 ##$$a 616.6, Bad u =100 ##$$a BADENOCH, David F =245 ##$$a Urologi =260 ##$$a 1989 $b Jakarta =300 ##$$a 188 hlm, 21 cm =650 ##$$a Urologi =850 ##$$a NBPNMAT =990 ##$$a 13341334 =990 ##$$a 10311329